000 00463nam a2200181Ia 4500
005 20240903012551.0
008 240331s9999 xx 000 0 und d
020 _a0673151034
082 _bSAR
_a649.2
100 _aSarafino, E.P
245 0 _aChild and adolescent development
260 _aAmerica
_bScott, Foresman and company
_c1980
300 _a605 p .,
650 _aChild Development
650 _aSocialization
650 _aAdolescence
942 _cL
999 _c3056
_d3056